Longman Photo Dictionary (Record no. 4202)
[ view plain ]
| 000 -LEADER | |
|---|---|
| fixed length control field | 01599cam a22002054a 4500 |
| 005 - ΗΜΕΡΟΜΗΝΙΑ ΚΑΙ ΩΡΑ ΤΕΛΕΥΤΑΙΑΣ ΕΝΗΜΕΡΩΣΗΣ | |
| Πεδίο ελέγχου | 20250605164139.0 |
| 008 - FIXED-LENGTH DATA ELEMENTS--GENERAL INFORMATION | |
| Πεδίο ελέγχου σταθερού μήκους | 250528s ||||||||||||||||||||||||d |
| 035 ## - SYSTEM CONTROL NUMBER | |
| System control number | 18898 |
| 020 ## - ISBN | |
| ISBN | 582893712 |
| 040 ## - ΠΗΓΗ ΚΑΤΑΛΟΓΟΓΡΑΦΗΣΗΣ | |
| Φορέας πρωτότυπης καταλογογράφησης | MC Athens Campus Library |
| Γλώσσα καταλογογράφησης | Ελληνικά, Μοντέρνα (1453-) |
| Modifying agency | MC Athens Campus Library |
| Κανόνες περιγραφικής καταλογογράφησης | AACR2 |
| 245 1# - ΤΙΤΛΟΣ ΚΑΙ ΔΗΛΩΣΗ ΥΠΕΥΘΥΝΟΤΗΤΑΣ | |
| Τίτλος | Longman Photo Dictionary |
| 260 ## - PUBLICATION, DISTRIBUTION, ETC. | |
| Name of publisher, distributor, etc. | Longman, |
| Date of publication, distribution, etc. | 1987 |
| 300 ## - PHYSICAL DESCRIPTION | |
| Extent | 93 |
| 520 ## - SUMMARY, ETC. | |
| Summary, etc. | A vocabulary resource book specially written for students of English from elementary up to intermediate levels. Numbers, Time, Calendar and Festivals, Weather and Seasons, Shapes, Money and Banking, The World, The United States, The United Kingdom, Europe, Space, The City, The Supermarket, Fruit, Vegetables, The Menu, Fast Foods and Snacks, The Post Office, The Office, Occupations, The Body, Action at Home, Cosmetics and Toiletries, Action at the Gym, Actions, The Doctor, The Dentist and the Optician, The Family, Emotions, Opposites, Prepositions, Men's Wear, Women's Wear, Men's and Women's Wear, Accessories, Housing, The Garden, The Living Room, The Dining Room, The Bedroom, The Bathroom, The Kitchen, Kitchen Equipment, The Utility Room, The Nursery, The Playground, The School, Electronics, Construction, Tools, The Car, Transport, Roads and Road Signs, The Airport, Land and Water, The Beach, Water Sports, Winter Sports, Other Sports, Other Sports Cont., Entertainment, Musical Instruments, Wild Animals and Pets, The Farm, Fish and Sea Animals, Birds, Insects and Small Animals, Hobbies and Games. |
| 700 1# - ΠΡΟΣΘΕΤΗ ΑΝΑΓΡΑΦΗ--ΦΥΣΙΚΟ ΠΡΟΣΩΠΟ | |
| Personal name | Freeman Daniel B |
| 9 (RLIN) | 5179 |
| 700 1# - ΠΡΟΣΘΕΤΗ ΑΝΑΓΡΑΦΗ--ΦΥΣΙΚΟ ΠΡΟΣΩΠΟ | |
| Personal name | Rosenthal Marilyn S |
| 9 (RLIN) | 5180 |
| 942 ## - ADDED ENTRY ELEMENTS (KOHA) | |
| Koha item type | Books |
| Τύπος τεκμηρίου | Βιβλιοθήκη | Τρέχουσα τοποθεσία | Barcode | Αριθμός εισαγωγής | Ημερομηνία απόκτησης | Ταξιθετικό σύμβολο | Αριθμός αντιτύπου | Κατάσταση απόσυρσης | Κατάσταση χαμένου | Κατάσταση κατεστραμμένου | Μη δανεισμός | Σύνολο δανεισμών | Ημερομηνία τελευταίας εμφάνισης | Η τιμή ισχύει από |
|---|---|---|---|---|---|---|---|---|---|---|---|---|---|---|
| Books | MC Athens Campus Library | MC Athens Campus Library | 9780000042019 | 3818 | 05/06/2025 | REF 423 ROS | 1 | 05/06/2025 | 05/06/2025 |